Nghiên cứu các yếu tố ảnh hưởng đến quá trình phân hủy thuốc nhuộm Levafix red CA bằng tác nhân UV/H2O2 và Fenton/UV (Fe2+/UV/H2O2).

Nghiên cứu các yếu tố ảnh hưởng đến quá trình phân hủy thuốc nhuộm Levafix red CA bằng tác nhân UV/H2O2 và Fenton/UV (Fe2+/UV/H2O2). Phân hủy Levafix rea CA bằng tác nhân UV/ H2O2 Phân hủy Levafix rea CA bằng tác nhân Fe2+/UV/ H2O2

Gorde:
Xehetasun bibliografikoak
Egile nagusia: Nguyễn Thị Thu Thảo
Beste egile batzuk: Bùi Xuân Vững T.S (Hướng dẫn)
Formatua: Liburua
Argitaratua: Đà Nẵng Đại học Sư phạm, Đại học Đà Nẵng 2012
Gaiak:
Etiketak: Etiketa erantsi
Etiketarik gabe, Izan zaitez lehena erregistro honi etiketa jartzen!
Thư viện lưu trữ: Mạng thư viện Đại học Đà Nẵng
LEADER 01957nam a2200337 4500
001 000017547
003 13966
005 20130424110407.0
008 130424s2012 sd
082 |a 628.16836  |b NG-T 
100 1 |a Nguyễn Thị Thu Thảo 
245 |a Nghiên cứu các yếu tố ảnh hưởng đến quá trình phân hủy thuốc nhuộm Levafix red CA bằng tác nhân UV/H2O2 và Fenton/UV (Fe2+/UV/H2O2).  |c Nguyễn Thị Thu Thảo ; Bùi Xuân Vững hướng dẫn  |k Khóa luận tốt nghiệp 
260 |a Đà Nẵng  |b Đại học Sư phạm, Đại học Đà Nẵng  |c 2012 
300 |a 47 tr.  |b Hình mh.  |c 29 cm.  |e Đĩa CD, bản tóm tắt 
500 |a Khóa luận tốt nghiệp đại học. Chuyên ngành: Cử nhân Phân tích - Môi trường 
504 |a Mục lục đầu trang, tài liệu tham khảo tr. 73 - 74, phụ lục [13 tr.] 
520 |a Nghiên cứu các yếu tố ảnh hưởng đến quá trình phân hủy thuốc nhuộm Levafix red CA bằng tác nhân UV/H2O2 và Fenton/UV (Fe2+/UV/H2O2). Phân hủy Levafix rea CA bằng tác nhân UV/ H2O2 Phân hủy Levafix rea CA bằng tác nhân Fe2+/UV/ H2O2 
600 1 4 |b Vua  |c Đinh Tiên Hoàng 
650 0 4 |a Thuốc nhuộm Levafix red CA  |v Khóa luận tốt nghiệp  |x Quá trình phân hủy  |x Nghiên cứu 
653 |a Khoa Hóa học  |a Thuốc nhuộm Levafix red CA  |a Quá trình phân hủy 
700 |a Bùi Xuân Vững  |c T.S  |e Hướng dẫn 
OWN |a LSP 
AVA |a UDN50  |b LSP  |d 628.16836 NG-T  |e available  |t Error 5001 Not defined in file expand_doc_bib_avail.  |f 1  |g 0  |h N  |i 0  |k 1 
999 |a From the UDN01 
AVA |a UDN50  |b LSP  |d 628.16836 NG-T  |e available  |t Error 5001 Not defined in file expand_doc_bib_avail.  |f 1  |g 0  |h N  |i 0  |k 1 
TYP |a Monograph 
TYP |a Printed language 
980 |a Mạng thư viện Đại học Đà Nẵng